[Event "HGM-T01-R02-J10"]
[Site "http://www.queenalice.com/game.php?id=308073"]
[Date "2007.11.21"]
[Round "-"]
[White "cassianorui"]
[Black "prvic"]
[Result "0-1"]
[WhiteElo "1400"]
[BlackElo "1467"]

1. e3 e5 2. Qh5 Nc6 3. Bc4 d5 4. Bb3 Nf6 5. Qe2 Be7 6. Nc3 d4 7. Nb5 a6 8. Na3
O-O 9. exd4 Bxa3 10. bxa3 Nxd4 11. Qe4 Nxe4 12. d3 Nxb3 13. axb3 Nxf2 14. Kxf2
Qd4+ 15. Be3 Qxa1 16. Ke2 Qb1 17. Kd2 Qf1 18. Nf3 Qxg2+ 19. Kc3 Qxh1 20. Nxe5
Qa1+ 21. Kc4 Be6+ 22. Kb4 a5+ 23. Kb5 Qxe5+ 24. Bc5 Bd7+ 25. Kc4 b5# 0-1

[Event "HGM-T01-R02-J04"]
[Site "http://www.queenalice.com/game.php?id=308187"]
[Date "2007.11.21"]
[Round "-"]
[White "ivoiran"]
[Black "cassianorui"]
[Result "0-1"]
[WhiteElo "1016"]
[BlackElo "1358"]

1. e4 d5 2. Qe2 dxe4 3. Qxe4 Nf6 4. Qd3 Nc6 5. Nf3 e5 6. Ng5 Nb4 7. Nxf7 Qxd3 8.
cxd3 Kxf7 9. a3 Nc2+ 10. Ke2 Nxa1 11. Nc3 Nb3 12. Kd1 Nc5 13. Ne4 Nfxe4 14. dxe4
Nxe4 15. Bc4+ Be6 16. Bxe6+ Kxe6 17. Rf1 Bc5 18. d3 Nxf2+ 19. Ke1 Nxd3+ 20. Kd1
Rad8 21. Bg5 Rd5 22. b4 Nxb4+ 23. Bd2 Be3 24. axb4 Rxd2+ 25. Ke1 Rxg2 26. h4 Rd8
27. Rf7 Kxf7 28. b5 Rdd2 29. h5 Ra2 30. Kf1 Rgb2 31. h6 Rb1# 0-1

[Event "Revanche"]
[Site "http://www.queenalice.com/game.php?id=311293"]
[Date "2007.11.27"]
[Round "-"]
[White "compras_marcelo"]
[Black "cassianorui"]
[Result "0-1"]
[WhiteElo "1303"]
[BlackElo "1405"]

1. e4 e5 2. Nf3 Nc6 3. Bc4 Nf6 4. d3 b6 5. Bg5 Bb7 6. Nc3 Bb4 7. a3 Bxc3+ 8. Nd2
Bxb2 9. Rb1 Bxa3 10. O-O O-O 11. Rb5 Be7 12. Qb1 Ng4 13. h4 Bxg5 14. hxg5 Qxg5
15. Nf3 Qh6 16. Re1 Nd4 17. Nd2 Qh2+ 18. Kf1 Qh1# 0-1

[Event "cassianorui x jw16js"]
[Site "http://www.queenalice.com/game.php?id=311317"]
[Date "2007.11.28"]
[Round "-"]
[White "jw16js"]
[Black "cassianorui"]
[Result "1-0"]
[WhiteElo "1583"]
[BlackElo "1533"]

1. g3 Nf6 2. Bg2 d5 3. e3 g6 4. b3 Bg7 5. d4 O-O 6. Nc3 Qd6 7. Nb5 Qb4+ 8. Qd2
Qxb5 9. h3 Nc6 10. a4 Qb6 11. a5 Qb5 12. Bf1 Nd8 13. Bxb5 c6 14. Bd3 Ne6 15. Nf3
c5 16. dxc5 Ne4 17. Bxe4 dxe4 18. Nd4 Rd8 19. b4 Ng5 20. Qe2 Nf3+ 21. Kf1 Bxd4
22. Ra4 Bf6 23. Kg2 Rd5 24. Rd1 Rh5 25. Rd8+ Kg7 26. g4 Rh6 27. b5 Be5 28. Rxe4
Nh4+ 29. Kf1 Bc7 30. Rd5 Bxa5 31. Rxe7 b6 32. Bb2+ Kf8 33. Bg7+ Kxg7 34. Re8 Bb7
35. Rxa8 Bxa8 36. Rd8 Be4 37. c4 bxc5 38. Qb2+ f6 39. Re8 Bg2+ 40. Ke2 Bf3+ 41.
Kd3 Ng2 42. e4 Nf4+ 43. Ke3 Kf7 44. Ra8 Rxh3 45. Rxa7+ Ke6 46. Ra6+ Kf7 47.
Qxf6+ Ke8 48. Qxf4 Bd1+ 49. f3 Rxf3+ 50. Qxf3 Bxf3 51. Kxf3 Bd8 52. b6 h5 53.
gxh5 gxh5 54. b7 Bc7 55. Ra8+ Kd7 56. Ra1 Bb8 57. Rb1 Kc7 58. Kf4 Ba7 59. Kg5
Bb6 60. b8=Q+ Kxb8 61. Rxb6+ Kc7 62. Rh6 Kd7 63. Kxh5 Ke7 64. e5 Kf7 65. Kg5 Kg7
66. Rc6 Kf7 67. Rxc5 Ke6 68. Kg6 Ke7 69. Ra5 Kd7 70. Ra6 Ke7 71. c5 Kd7 72. Kf6
Kc7 73. e6 Kb7 74. Rb6+ Kc7 75. e7 Kd7 76. c6+ Ke8 77. Rb8# 1-0

[Event "Challenge"]
[Site "http://www.queenalice.com/game.php?id=311459"]
[Date "2007.11.28"]
[Round "-"]
[White "mogerio"]
[Black "cassianorui"]
[Result "0-1"]
[WhiteElo "1436"]
[BlackElo "1522"]

1. e4 e5 2. d4 exd4 3. Qxd4 Nc6 4. Qd1 Nf6 5. Nc3 Bb4 6. Bd2 d5 7. exd5 Nxd5 8.
Nf3 Bg4 9. Be2 O-O 10. O-O Nxc3 11. a3 Nxd1 12. Bxd1 Bxd2 13. Nxd2 Qxd2 14. Bxg4
Qxc2 15. Rae1 Qxb2 16. Re2 Qxa3 17. g3 Rae8 18. Rfe1 Rxe2 19. Rxe2 Qc1+ 20. Kg2
Nd4 21. Re4 Qc6 22. Bf3 Nxf3 23. Rg4 Ne5+ 24. f3 Qxf3+ 25. Kh3 Qxg4+ 26. Kg2 g5
27. h3 Qf3+ 28. Kg1 Qe3+ 29. Kg2 Nf3 30. h4 g4 31. h5 Qg1# 0-1

[Event "Desforra"]
[Site "http://www.queenalice.com/game.php?id=314411"]
[Date "2007.12.3"]
[Round "-"]
[White "cassianorui"]
[Black "compras_marcelo"]
[Result "1-0"]
[WhiteElo "1432"]
[BlackElo "1309"]

1. e3 c5 2. Qh5 Nf6 3. Qxc5 Na6 4. Qb5 e6 5. g3 b6 6. Bg2 Rb8 7. Qa4 g6 8. Bf1
Bb7 9. f3 Bc6 10. Qxa6 Qc7 11. Qc4 Bh6 12. Qc3 Bg7 13. Na3 b5 14. Nxb5 Rxb5 15.
Bxb5 Rg8 16. b3 Nd5 17. Qc5 Bxa1 18. Ba3 Bxb5 19. Qxb5 a6 20. Qxa6 d6 21. Qa8+
Qd8 22. Qxd8+ Kxd8 23. Bxd6 f5 24. Nh3 Nf6 25. Ng5 Nd5 26. c4 Rf8 27. Bxf8 h6
28. Nxe6+ Kd7 29. Nc5+ Ke8 30. Bxh6 Nb4 31. O-O Nc2 32. a4 Kd8 33. a5 Kc8 34.
Bf4 g5 35. Rxa1 gxf4 36. Ra4 Ne1 37. Kf2 Nd3+ 38. Nxd3 fxe3+ 39. dxe3 f4 40.
exf4 Kc7 41. a6 Kb6 42. a7 Kb7 43. a8=Q+ Kc7 44. Ra6 Kd7 45. Qc6+ Ke7 46. Ra7+
Kf8 47. Qa8# 1-0

[Event "Desempate"]
[Site "http://www.queenalice.com/game.php?id=316612"]
[Date "2007.12.7"]
[Round "-"]
[White "compras_marcelo"]
[Black "cassianorui"]
[Result "0-1"]
[WhiteElo "1309"]
[BlackElo "1456"]

1. e4 Nc6 2. c3 d5 3. exd5 Qxd5 4. c4 Qe4+ 5. Ne2 Qxc4 6. b3 Qe6 7. g3 Qe4 8.
Rg1 Qe5 9. Nc3 Nd4 10. Ba3 Nf3# 0-1

[Event "Palhaço... Revanche"]
[Site "http://www.queenalice.com/game.php?id=318274"]
[Date "2007.12.11"]
[Round "-"]
[White "compras_marcelo"]
[Black "cassianorui"]
[Result "0-1"]
[WhiteElo "1309"]
[BlackElo "1528"]

1. e3 Nf6 2. Bc4 d5 3. Bb5+ c6 4. Bd3 e5 5. Nf3 e4 6. Ne5 exd3 7. cxd3 Bd6 8. f4
Bf5 9. Nc3 Bxd3 10. Rf1 Bxf1 11. Kxf1 O-O 12. d3 Re8 13. g4 Bxe5 14. fxe5 Rxe5
15. d4 Rg5 16. h3 Ne4 17. Nxe4 dxe4 18. Qb3 Qf6+ 19. Ke1 Rb5 20. Qc4 Qh4+ 21.
Ke2 Qxh3 22. Bd2 Qh2+ 23. Kd1 Qg1+ 24. Be1 Qxg4+ 25. Kc2 Qg2+ 26. Bd2 Na6 27. d5
Rc5 28. Rg1 Rxc4+ 29. Kd1 Qxg1+ 30. Be1 Rd8 31. b3 Rxd5+ 32. Ke2 Rc2+ 33. Bd2
Rcxd2# 0-1

[Event "Desforra"]
[Site "http://www.queenalice.com/game.php?id=320123"]
[Date "2007.12.14"]
[Round "-"]
[White "cassianorui"]
[Black "ivoiran"]
[Result "1-0"]
[WhiteElo "1537"]
[BlackElo "1179"]

1. e3 d5 2. d4 Nc6 3. Nf3 Nf6 4. Nc3 e6 5. g3 g6 6. Bd3 Bd6 7. e4 Qe7 8. O-O
dxe4 9. Bxe4 Nxe4 10. Nxe4 Bb4 11. Bg5 Qd7 12. Nf6+ Kf8 13. Nxd7+ Bxd7 14. d5
exd5 15. Qxd5 h6 16. Bf6 Rh7 17. Qxd7 h5 18. Qxc7 Na5 19. c3 Bc5 20. Qxc5+ Ke8
21. Qe7# 1-0

[Event "Nova Revanche"]
[Site "http://www.queenalice.com/game.php?id=326890"]
[Date "2007.12.28"]
[Round "-"]
[White "compras_marcelo"]
[Black "cassianorui"]
[Result "1-0"]
[WhiteElo "1314"]
[BlackElo "1546"]

1. e4 e6 2. Nf3 d5 3. exd5 Qxd5 4. b3 e5 5. Bc4 Qd8 6. O-O Qf6 7. Qe1 Bd6 8. Nc3
Ne7 9. d3 Nbc6 10. Bg5 Qf5 11. h4 O-O 12. Ne4 Ba3 13. Bb5 Nb4 14. Qe3 Nxc2 15.
Qe2 Nxa1 16. Rxa1 Nd5 17. Qc2 c6 18. Ba4 Nb4 19. Qc4 b5 20. Qc3 Qd7 21. Nc5 Qd5
22. Re1 Nxa2 23. Qxe5 Bxc5 24. Be7 Qxe5 25. Nxe5 Bxe7 26. Nxc6 Bxh4 27. Bxb5 a6
28. Bc4 Bb7 29. Ne7+ Bxe7 30. Rxe7 Bc6 31. d4 Rfe8 32. Rxf7 Re1+ 33. Kh2 Kh8 34.
d5 Be8 35. Rf8# 1-0

[Event "AUTO-INT-692"]
[Site "http://www.queenalice.com/game.php?id=370218"]
[Date "2008.3.13"]
[Round "2"]
[White "cassianorui"]
[Black "umdoistresredondoredondo"]
[Result "0-1"]
[WhiteElo "1572"]
[BlackElo "1873"]

1. d4 Nf6 2. Nf3 d5 3. e3 Bg4 4. Be2 Ne4 5. O-O e6 6. Na3 Bxa3 7. bxa3 h5 8. h3
Qd6 9. hxg4 hxg4 10. Ne5 Nd7 11. Nxg4 f5 12. f4 fxg4 13. Bxg4 O-O-O 14. Qd3 Rh4
15. Bh3 g5 16. fxg5 Rxh3 17. gxh3 Qg3+ 18. Kh1 Qxh3+ 19. Kg1 Qg3+ 20. Kh1 Rh8#
0-1

[Event "AUTO-INT-692"]
[Site "http://www.queenalice.com/game.php?id=370219"]
[Date "2008.3.13"]
[Round "2"]
[White "umdoistresredondoredondo"]
[Black "cassianorui"]
[Result "1-0"]
[WhiteElo "1900"]
[BlackElo "1551"]

1. e4 d5 2. exd5 Qxd5 3. Nc3 Qe6+ 4. Be2 Nc6 5. Nf3 Nh6 6. d4 Qd6 7. Nb5 Qd7 8.
Bxh6 gxh6 9. Ne5 Nxe5 10. dxe5 Rb8 11. Qxd7+ Bxd7 12. Nxc7+ Kd8 13. Nd5 Bc6 14.
Nf4 Bg7 15. O-O-O+ Ke8 16. e6 fxe6 17. Nxe6 Bf6 18. f3 Kf7 19. Bc4 h5 20. Nd4+
e6 21. Nxe6 Ke7 22. Rhe1 Rbc8 23. Nf4+ Kf8 24. Nxh5 Bg5+ 25. f4 Be7 26. g3 Bf3
27. Be2 Be4 28. c3 Bg6 29. Bg4 Rc5 30. Re5 Bxh5 31. Rxh5 Rg8 32. Rxc5 Bxc5 33.
Rd8+ Kg7 34. Rxg8+ Kxg8 35. Bf3 b6 36. g4 Be3+ 37. Kc2 Bxf4 38. h3 h6 39. b3 a5
40. Kd3 Bd6 41. Kc4 Kf7 42. Kb5 Bc5 43. a3 Bxa3 44. Kxb6 Bb2 45. c4 Bc3 46. c5
Bd4 47. Kb5 Ke7 48. c6 Kd8 49. Kxa5 Kc7 50. Ka6 Bc5 51. h4 Be7 52. h5 Kd6 53. b4
Bg5 54. b5 1-0

[Event "Jogo"]
[Site "http://www.queenalice.com/game.php?id=370792"]
[Date "2008.3.14"]
[Round "-"]
[White "cassianorui"]
[Black "compras_marcelo"]
[Result "1-0"]
[WhiteElo "1528"]
[BlackElo "1361"]

1. d4 d5 2. e3 Nc6 3. Nf3 Bg4 4. Qd3 Qd6 5. Nc3 Nf6 6. Nb5 Qb4+ 7. Bd2 Qxb2 8.
Bc3 Qb4 9. Bxb4 Nxb4 10. Nxc7+ Kd8 11. Qc3 Ne4 12. Qxb4 Kxc7 13. Qa5+ Kb8 14.
Qxd5 Kc8 15. Qxe4 h5 16. Ba6 Rb8 17. Qc6+ Kd8 18. Bxb7 e6 19. Ne5 Bb4+ 20. Kf1
g6 21. Qd7# 1-0

[Event "HGM-T02-R01-J05"]
[Site "http://www.queenalice.com/game.php?id=370800"]
[Date "2008.3.14"]
[Round "-"]
[White "compras_marcelo"]
[Black "cassianorui"]
[Result "0-1"]
[WhiteElo "1352"]
[BlackElo "1537"]

1. e4 d5 2. Bd3 dxe4 3. Bxe4 g6 4. Nf3 Nf6 5. d3 Bg7 6. O-O Qd6 7. Nc3 Ng4 8.
Nd5 Be5 9. Re1 Bxh2+ 10. Nxh2 Qxh2+ 11. Kf1 Qh4 12. g3 Qh3+ 13. Ke2 Qh2 14.
Nxc7+ Kd8 15. Nxa8 Nxf2 16. Qd2 Nxe4+ 17. Ke3 Nxd2 18. Bxd2 Qxg3+ 19. Ke2 Bg4+
20. Kf1 Qf3+ 21. Kg1 Bh3 22. Kh2 Qg2# 0-1

[Event "HGM-T02-R01-J04"]
[Site "http://www.queenalice.com/game.php?id=371396"]
[Date "2008.3.15"]
[Round "-"]
[White "cassianorui"]
[Black "ivoiran"]
[Result "1-0"]
[WhiteElo "1519"]
[BlackElo "1244"]

1. Nf3 d5 2. d4 e6 3. Nc3 Nc6 4. Bf4 Bb4 5. g3 Nf6 6. Bg2 Ne4 7. O-O Bxc3 8.
bxc3 Nxc3 9. Qd3 Ne4 10. Ne5 Nb4 11. Qb5+ Nc6 12. Nxc6 bxc6 13. Qxc6+ Bd7 14.
Qb7 Nd6 15. Qb4 Rb8 16. Qa3 O-O 17. Qxa7 Rb2 18. Qc5 Ba4 19. Rfc1 Qb8 20. Bf3
Rc8 21. Qa3 Bc6 22. Qd3 Bb5 23. Qd2 Qa7 24. a3 Ra8 25. Qc3 Ne8 26. Qxb2 Qa6 27.
c3 Qa7 28. Qxb5 Nd6 29. Bh5 Nxb5 30. Be5 Qa5 31. c4 Nxa3 32. cxd5 Qxd5 33. Bf3
Qa5 34. Bxc7 Rc8 35. Bxa5 Rxc1+ 36. Rxc1 Nb5 37. Rc8# 1-0

[Event "HGM-T02-R01-J07"]
[Site "http://www.queenalice.com/game.php?id=371397"]
[Date "2008.3.15"]
[Round "-"]
[White "cassianorui"]
[Black "maxbtech"]
[Result "0-1"]
[WhiteElo "1548"]
[BlackElo "1454"]

1. g3 e5 2. e4 Nf6 3. Bg2 Bc5 4. Nh3 O-O 5. O-O d6 6. c3 Bg4 7. Qb3 Qc8 8. Na3
Bxh3 9. Bxh3 Qxh3 10. Qxb7 Ng4 11. Qxa8 Qxh2# 0-1

[Event "HGM-T02-R01-J10"]
[Site "http://www.queenalice.com/game.php?id=377146"]
[Date "2008.3.26"]
[Round "-"]
[White "prvic"]
[Black "cassianorui"]
[Result "1-0"]
[WhiteElo "1507"]
[BlackElo "1568"]

1. e3 d5 2. c4 d4 3. exd4 Qxd4 4. Nf3 Qe4+ 5. Be2 Qg4 6. O-O Nf6 7. Nc3 Qg6 8.
d4 Bh3 9. Nh4 Bxg2 10. Nxg6 hxg6 11. Kxg2 Nc6 12. d5 Ne5 13. Nb5 O-O-O 14. f4
Ned7 15. Nxa7+ Kb8 16. Nc6+ Kc8 17. Nxd8 Kxd8 18. Qa4 Nb6 19. Qa7 Nfd7 20. Qxb7
e6 21. dxe6 Nc5 22. Rd1+ Ke7 23. Qxc7+ Nbd7 24. Rxd7+ Kxe6 25. Bg4+ f5 26. Qc6+
Bd6 27. Qxd6# 1-0

[Event "Desafio"]
[Site "http://www.queenalice.com/game.php?id=378171"]
[Date "2008.3.28"]
[Round "-"]
[White "maxbtech"]
[Black "cassianorui"]
[Result "0-1"]
[WhiteElo "1572"]
[BlackElo "1524"]

1. e4 e5 2. Nf3 d6 3. Nc3 Nf6 4. Bc4 g6 5. d3 Bg7 6. Ng5 h6 7. Nxf7 Qe7 8. Nxh8
g5 9. Ng6 Qd7 10. h4 g4 11. Be3 a6 12. Nd5 Nxd5 13. Bxd5 Qb5 14. Qd2 Qxb2 15.
O-O c6 0-1

[Event "HGM-T02-R02-J10"]
[Site "http://www.queenalice.com/game.php?id=392270"]
[Date "2008.4.23"]
[Round "-"]
[White "cassianorui"]
[Black "prvic"]
[Result "0-1"]
[WhiteElo "1550"]
[BlackElo "1515"]

1. e3 e5 2. d4 exd4 3. Qxd4 Nc6 4. Qe4+ Be7 5. Qg4 Kf8 6. Qf3 Nf6 7. e4 d5 8. e5
Nxe5 9. Qc3 d4 10. Qa5 Nd5 11. Bc4 Bb4+ 12. Qxb4+ Nxb4 13. Be2 Nxc2+ 0-1